Culture Générale - Série 2410 - Statistiques

Statistiques générales
  • Ce quiz a été pris 90 fois
  • Le résultat moyen est 3 sur 10
Statistiques - réponses
Question Réponse % Correct
Complétez l'expression populaire : "C'est du lard ou du .... cochon
91%
Quel est le chef-lieu du département de Tarn-et-Garonne ? Montauban
50%
Quel animal est appelé "labre" ? poisson
39%
Quel est le prénom de l'auteur du roman "les caves du Vatican" ? André
24%
Frétillant, fringant - 9 lettres commençant par " g " guilleret
22%
Poète français du Moyen Age ayant inspiré Léo Ferré - "que sont mes amis devenus .... Rutebeuf
16%
En Italie, quelle est la capitale de la région historique et géographique du Frioul ? Udine
12%
Quel était le prénom du chanoine Kir qui a donné son nom à l'apéritif spécialité de Dijon ? Félix
7%
Comment appelle-t-on plus communément le crataegus - arbuste épineux à fleurs blanches ou rosées odorantes à la fin du printemps ? voir photo aubépine
5%
Chose mystérieuse, secrète, difficilement explicable et compréhensible pour le sens commun - 6 lettres commençant par " a ". arcane
1%
Aucun quiz correspondant
Distribution des résultats
% des personnes avec chaque résultat
Percentile par nombre de réponses
Votre historique - résultats
Vous n’avez pas pris ce quiz